000 00306nam a2200109Ia 4500
008 200302s9999 xx 000 0 und d
100 _aLois Davidson Gottlieb
245 _aA Way Of Life: An Apprenticeship With Frank Lloyd Wright
260 _bImages Publishing, Austraila
260 _c2001
300 _a224 P
999 _c4537
_d4537